00372nam a2200145Ia 4500003000400000008004100004040001600045082001300061100002200074245004200096260004200138300000900180650001500189650002200204GCL140319s9999 xx 000 0 eng d aGCL / cGCL04a843bF C1 aFLAUBERT, GUSTAVE10aUN COEUR SIMPLE / cFLAUBERT, GUSTAVE a[S.N] : bLE LIVRE DE POCHE ، c1994 a96 P04aLITERATURE04aFRENCH LITERATURE